| 000 | 00911nam a2200253 i 4500 | ||
|---|---|---|---|
| 001 | 15744 | ||
| 003 | ES-MaACL | ||
| 005 | 20250603171336.0 | ||
| 007 | t| | ||
| 008 | 000505s1992 sp |||| | spa j | ||
| 020 | _a84-87446-03-5 | ||
| 080 | _a930.255(460.27 Alcalá de Henares) | ||
| 080 | _a35(460)"1939/75" | ||
| 100 | 1 |
_aVázquez Vázquez, María Rosa. _9113495 |
|
| 245 | 1 | 3 |
_aEl Movimiento Nacional y la Sección de Presidencia del Gobierno en el Archivo General de la Administración / _cMaría Rosa Vázquez Vázquez. |
| 260 |
_aMadrid : _bBarbarroja, _c1992. |
||
| 300 |
_a296 p ; _c22 cm. |
||
| 490 | 1 | _aColección Documento | |
| 610 | 2 | 7 |
_aArchivo General de la Administración (España). _bSección de Presidencia del Gobierno. _91432 |
| 651 | 7 |
_aEspaña- _xAdministración _2 _9148152 |
|
| 830 | 0 |
_aColección Documento _9179817 |
|
| 852 |
_aES-MaACL _jL-23042 |
||
| 999 |
_c15744 _d15744 |
||